Open Data Biblioteca Nacional de Portugal


República Portuguesa: Ministério da Cultura
Biblioteca Nacional de Portugal

Catálogo da BNP: acesso por Identificadores Unívocos
Registos Bibliográficos associados ao registo de autoridade

Etiqueta de registo: 00000nam 2200025 450
001 2276574
003 http://id.bnportugal.gov.pt/bib/catbnp/2276574
100 ## $a20260305d2025 k y0pory01030103ba
101 0# $apor$deng
102 ## $aPT
105 ## $aa m 000yy
106 ## $ar
200 1# $aYoutubers e migração$e a dinâmica comunicacional sociotécnica do trabalho digital de imigrantes brasileiros em Portugal$fDalvacir Xavier de Oliveira Andrade$gorient. Helena Sousa, André Lemos
210 #9 $a[S.l.$cs.n.],$d2025
215 ## $a259 p.$cil.$d30 cm
328 #1 $aTese dout. Ciências da Comunicação, Instituto de Ciências Sociais, Universidade do Minho, 2025
675 ## $a316.77(469)(043)$vBN$zpor$31216396
675 ## $a314.15(=1:81)(469)(043)$vBN$zpor$31995977
675 ## $a331.55(469)(043)$vBN$zpor$31330105
700 #1 $aAndrade,$bDalvacir Xavier de Oliveira$31989323
702 #1 $aSousa,$bHelena$4727$31153921
702 #1 $92$aLemos,$bAndré$4727$31989327
801 #0 $aPT$bBN$gRPC
966 ## $lBN$mFGMON$sS.C. 168968 V.$x1
971 ## $corlando$d20260305
972 ## $e0$z0$d20260422$vlrevez
973 ## $csteixeira$d20260416

OpendataBNP@bnportugal.pt | Mais informação sobre acesso aos dados BNP